[Event "ROM-ch"]
[Site "Eforie Nord"]
[Date "2024.03.02"]
[Round "9"]
[White "Botea, David Alexandru"]
[Black "Armenciu, Bogdan Ovidiu"]
[Result "1-0"]
[WhiteElo "2081"]
[BlackElo "1936"]
[PlyCount "81"]
[EventDate "2024.02.24"]
[EventType "swiss"]
[EventRounds "9"]
[EventCountry "ROU"]
[SourceTitle "CB10_2024"]
[SourceDate "2024.03.06"]
[SourceVersion "1"]
[SourceVersionDate "2024.03.06"]
[SourceQuality "1"]

1. e4 d6 2. d4 Nf6 3. Nc3 g6 4. Nf3 Bg7 5. Be2 c6 6. a4 0-0 7. 0-0 Nbd7 8. h3 e5 9. dxe5 dxe5 10. Bc4 Qe7 11. Qd3 Nc5 12. Qe3 a5 13. b3 Nh5 14. Ba3 b6 15. b4 axb4 16. Bxb4 Nf4 17. a5 Bh6 18. Kh1 Kg7 19. axb6 Rxa1 20. Rxa1 Nfd3 21. Bxc5 Nxc5 22. Qe2 Rd8 23. Ra7 Rd7 24. Rxd7 Nxd7 25. Na4 Qa3 26. Bb3 Nb8 27. Qd1 Qe7 28. Qd3 Bc1 29. Qc3 Kf6 30. Nc5 Ba3 31. b7 Bf5 32. Nd3 Bxe4 33. Ndxe5 Kg7 34. Nxc6+ Qf6 35. Qxf6+ Kxf6 36. Nxb8 Bxb7 37. Nd7+ Ke7 38. Nde5 f6 39. Nd3 Be4 40. Nd2 Bb7 41. Nc4 1-0

[Event "ROM-ch"]
[Site "Eforie Nord"]
[Date "2024.02.29"]
[Round "7"]
[White "Armenciu, Bogdan Ovidiu"]
[Black "Negrean, Andrei"]
[Result "1/2-1/2"]
[WhiteElo "1936"]
[BlackElo "2040"]
[PlyCount "124"]
[EventDate "2024.02.24"]
[EventType "swiss"]
[EventRounds "9"]
[EventCountry "ROU"]
[SourceTitle "CB10_2024"]
[SourceDate "2024.03.06"]
[SourceVersion "1"]
[SourceVersionDate "2024.03.06"]
[SourceQuality "1"]

1. e4 c5 2. Nf3 Nc6 3. d4 cxd4 4. Nxd4 Qc7 5. Nc3 e6 6. Be3 a6 7. a3 b5 8. Nxc6 Qxc6 9. h4 Bb7 10. h5 h6 11. Qd4 Nf6 12. e5 Nd5 13. Nxd5 Qxd5 14. Qxd5 Bxd5 15. a4 b4 16. Rh4 a5 17. Rg4 Rc8 18. Bd3 Bc5 19. Rxg7 Bxe3 20. fxe3 Rc5 21. Kd2 Kf8 22. Rg4 Rg8 23. Rxg8+ Kxg8 24. Rf1 Bc6 25. b3 Rxe5 26. g4 Rg5 27. Rf4 Kg7 28. c3 e5 29. Rf5 Rxg4 30. Rxe5 Rg2+ 31. Kc1 bxc3 32. Rxa5 Rd2 33. Bf5 Re2 34. b4 Rxe3 35. Kc2 d5 36. b5 Be8 37. Ra8 d4 38. Bd3 Bd7 39. Rd8 Re7 40. Rxd7 Rxd7 41. b6 Rb7 42. a5 f5 43. Bb5 Kf6 44. a6 Rxb6 45. a7 Rxb5 46. a8Q Rb2+ 47. Kc1 Ke5 48. Qh8+ Ke4 49. Qxh6 Rh2 50. Qe6+ Kd3 51. Qxf5+ Kc4 52. Qf1+ Kc5 53. h6 Rxh6 54. Qf8+ Rd6 55. Kc2 d3+ 56. Kxc3 d2 57. Qc8+ Kb6 58. Qb8+ Kc6 59. Qe8+ Kc7 60. Qf7+ Rd7 61. Qc4+ Kd8 62. Qg8+ Kc7 1/2-1/2